000 01014nab a22002297a 4500
999 _c5786
_d5786
003 OSt
005 20260106181055.0
008 190514b xxu||||| |||| 00| 0 spa d
040 _cPJ
100 _96693
_aColavita, Gabriel A.
245 1 0 _aAlimentos posteriores al divorcio :
_bcuestiones en torno al plazo e incompatibilidad con la compensación económica /
_cGabriel A. Colavita.
300 _ap. 139-146
505 _aSumario: I. Introducción.— II. Alimentos entre cónyuges posteriores al divorcio: supuestos, plazos e incompatibilidades con la compensación económica.— III. Para finalizar.
505 _tSi te interesa el texto, comunicate a koha@justierradelfuego.gov.ar
650 0 _9967
_aDERECHO DE FAMILIA
650 0 _aCODIGO CIVIL Y COMERCIAL
_91497
650 0 _aDIVORCIO
_9977
650 0 _aALIMENTOS
_9968
650 0 _aCOMPENSACIÓN ECONÓMICA
_95830
773 0 _02844
_93222
_dBuenos Aires : AbeledoPerrot, 1989-
_tDerecho de familia. N° 115 - Julio 2024
_z18511201
942 _2udc
_cANA